TRAFFIC SIGN RECOGNITION AND LOCALIZATION FOR DATABASES OF TRAFFIC SIGNS

Podrobná bibliografia
Hlavní autori: Kršák, Emil, 1968- (Autor), Toth, Štefan (Autor)
Médium: Článok
Jazyk:angličtina

MARC

LEADER 00000nab a2200000uu 4500
001 vtls011135734
003 SK-MaSNL
005 20260303151020.0
008 230222|2011 xo |||||||||||||||||eng|
015 |a SNBRB 
035 |a (urnnbn)urn:nbn:sk:snk:ar-007ge6 
035 |a (uuid)00113d4c-d4c9-4844-8291-42ed096dd3f4 
035 |a urn:nbn:sk:snk-abaoqi 
040 |a SNKBUCL  |b slo  |c SNKBUCL  |e AACR2 
041 0 |a eng 
044 |a xo  |c SK 
100 1 |a Kršák, Emil,  |d 1968-  |4 aut  |9 224615 
245 1 0 |a TRAFFIC SIGN RECOGNITION AND LOCALIZATION FOR DATABASES OF TRAFFIC SIGNS  |c Emil Kršák, Štefan Toth 
700 1 |a Toth, Štefan  |4 aut  |9 316589 
773 0 |t Acta electrotechnica et informatica  |g Roč. 11, č. 4 (2011), s. 31-35 
958 |a OND 
958 |a EUIPO 
958 |a article14 
999 |c 2015231  |d 2017161